| 000 | 00870cab a2200217 4500 | ||
|---|---|---|---|
| 001 | ##L134628 | ||
| 008 | 060821n2006 000 0 eng u | ||
| 035 | _a(Sirsi) u134628 | ||
| 041 | 0 | _aeng | |
| 100 | 1 | _aBaker, Anthony | |
| 245 | 0 | 0 | _aTighter control |
| 260 | _c2006 | ||
| 490 | 0 |
_aRICS Building Surveying Faculty The Journal _vJuly 2006, 18-19(2) |
|
| 520 | _aExamines the Construction (Design and Management) Regulations 2007, which are due to come into force in April 2007. Outlines when the Regulations will apply, the general and additional duties imposed on clients, and the likely effect on surveyors. | ||
| 590 | _aIKA220806 | ||
| 650 | 2 | 4 | _aCONSTRUCTION (DESIGN AND MANAGEMENT) REGULATIONS 2007 |
| 650 | 2 | 4 | _aCONSTRUCTION (HEALTH, SAFETY AND WELFARE) REGULATIONS 1996 |
| 651 | 4 | _aGREAT BRITAIN | |
| 690 |
_aHealth and safety _96244 |
||
| 942 | _n0 | ||
| 999 |
_c77599 _d77599 |
||